Un Oscuro Scrutatore

保存先:
書誌詳細
第一著者: Philip K Dick
フォーマット: 図書
言語:言語不明
出版事項: Avanpop
タグ: タグ追加
タグなし, このレコードへの初めてのタグを付けませんか!

MARC

LEADER 00000nam a2200000Ia 4500
001 R-1906
003 CODICE-MESSINA
005 20260212102523.0
008 260211s9999 xx 000 0 und d
040 |c importazione_messina 
100 |a Philip K Dick 
245 0 |a Un Oscuro Scrutatore 
260 |b Avanpop 
942 |2 ddc  |c BK 
952 |0 0  |1 0  |2 ddc  |4 0  |6 SCAFFALE_19_000000000000000__STANZA_2__ROMANZI  |7 0  |9 32747  |a ME  |b ME  |d 2026-02-11  |l 0  |o SCAFFALE 19 - STANZA 2 - ROMANZI  |p R-1906  |r 2026-02-11 23:53:22  |w 2026-02-11  |x [REVISIONARE]  |y BK 
999 |c 28414  |d 28414